| 000 | 00400nam a2200145Ia 4500 | ||
|---|---|---|---|
| 008 | 161229s9999 xx 000 0 und d | ||
| 020 | _a0195083083 | ||
| 082 | _a658.4 GOL/DY | ||
| 100 | _aGoldberg, Beverly | ||
| 245 | _aDynamic planning :the art of managing beyond tomorrow | ||
| 260 |
_bOxford University Press _aNew York _c1994 |
||
| 300 | _axi, 288 | ||
| 700 | _aSifons, John G | ||
| 942 | _cBK | ||
| 999 |
_c152763 _d152763 |
||